000 00297nam a22001337a 4500
008 170504b xxu||||| |||| 00| 0 eng d
020 _a9780073386638
041 _aeng
080 _24 ED
_a34
100 _a14
101 _aSHJ
245 _aANLYSZING MORAL ISSUES
_cBOSS.J
942 _2udc
_cBK
999 _c12670
_d12670